Teacher incentives and student achievement: Evidence from an advancement program (Record no. 512919)

000 -LEADER
fixed length control field 00453nam a2200133 4500
008 - FIXED-LENGTH DATA ELEMENTS--GENERAL INFORMATION
fixed length control field 191227b ||||| |||| 00| 0 eng d
100 ## - MAIN ENTRY--PERSONAL NAME
Personal name Eren, Ozkan
245 ## - TITLE STATEMENT
Title Teacher incentives and student achievement: Evidence from an advancement program
260 ## - PUBLICATION, DISTRIBUTION, ETC. (IMPRINT)
Name of publisher, distributor, etc Journal of Policy Analysis and Management
300 ## - PHYSICAL DESCRIPTION
Extent 38(4), Fall, 2019: p.867-890.
773 ## - HOST ITEM ENTRY
Main entry heading Journal of Policy Analysis and Management
906 ## - LOCAL DATA ELEMENT F, LDF (RLIN)
Subject DIP Teacher
942 ## - ADDED ENTRY ELEMENTS (KOHA)
Source of classification or shelving scheme
Item type Articles
Holdings
Withdrawn status Lost status Source of classification or shelving scheme Damaged status Not for loan Permanent location Current location Date acquired Serial Enumeration / chronology Barcode Date last seen Koha item type
          Indian Institute of Public Administration Indian Institute of Public Administration 2019-12-27 38(4), Fall, 2019: p.867-890. AR122249 2019-12-27 Articles

Powered by Koha